000 01116cab a2200253 4500
001 X3580
008 090401t1996 xxu||||| |||| 00| 0 eng d
035 _a(Sirsi) u31274
041 _aeng
245 _aSouth Buckinghamshire DC v Allen
260 _c1996
350 _a0
490 _aPlanning Appeal Decisions
_v1996 11 PAD 448-455(8)
520 _aPermission refused by Council for creation of important water-based leisure facility in Green Belt. Estimated to be likely to generate 30 to 40 vehicle trips daily during weekdays and 60 to 70 trips daily at weekends. Attention drawn to guidance given in PPG13. Council`s objection on highway grounds alone. Inspector has regard to sensitive location of appeal site in terms of such as Site of Special Scientific Interest. Colne Valley Park. RPG.G9 Appeal allowed. (ABSTRACT FROM JOURNAL)
650 _aCLUB HOUSES
650 _aLESIURE FACILITIES
650 _aRPG9
650 _aSITES OF SPECIAL SCIENTIFIC INTEREST
650 _aWATER SPORTS
650 _aWATERSKING
690 _aPLANNING LAW AND PRACTICE
942 _n0
948 _c04/03/1997
999 _c21007
_d21007